00346 2200133 4500001002100000008004100021035002000062245004500082100000800127260003200135084001600167082001000183990001900193INLIS000000000000141 ind  a0010-0924000130 aKUMPULAN NASKAH PEMENANG LOMBA MENGARANG aTIM aJAKARTA :bDEPDIKBUD.c1997 a001 3 TIM k a001 3 a000.1998.00044